Bill gates

Main Author: Heller, Robert (Author)
Published: London: A Dorling Kingdersley Book, 2000
Series:Business masterminds
Subjects:
LEADER 01113cam a2200313 7i4500
001 0000030995
005 20240115090000.0
008 240115t20002000enka ### #00001eng##
020 # # |a 9780751308211  
020 # # |a 0751308218  
040 # # |a UMT   |b eng   |c UMT   |e rda 
090 0 0 |a HD 9696.63 .U62   |b H4 2000 
100 1 # |a Heller, Robert   |e author  
245 1 0 |a Bill gates   |c Robert Heller. 
264 # 1 |a London:   |b A Dorling Kingdersley Book,   |c 2000 
264 # 4 |c ♭2000 
300 # # |a 112 pages:   |b some colour illustrations;   |c 22 cm 
336 # # |a text --   |2 rdacontent 
337 # # |a unmediated --   |2 rdamedia 
338 # # |a volume --   |2 rdacarrier 
490 1 # |a Business masterminds 
504 # # |a Includes bibliographical references and index 
590 # # |a Pusat Pengajian Perniagaan dan Pengurusan Maritim 
600 0 0 |a Gates, Bill.   |q 1955- 
650 0 0 |a Computer software industry --   |x History --   |z United States  
650 0 0 |a Businessmen --   |x Biography --   |z United States  
651 # 0 |a Microsoft Corporation --   |x History  
830 # 0 |a Business masterminds 
999 |a 1100015177  |b Book  |c Open Shelf  |e KOLEKSI TERBUKA